000 00625nam a22002057a 4500
003 OSt
005 20260310052545.0
008 260113b |||||||| |||| 00| 0 eng d
020 _a0-13-196853-X.
040 _aDWCL-Main lib
_cOC
082 _212th edition
_aCirc. 658.8 K87m 2006
100 _aPhilip Kotler
245 _aMarketing management
_cPhilip Kotler
260 _aN. J. :
_bPearson Education Inc.,
_cc2006.
300 _axxxix, various paging :
_bcolored illustration ;
_c27 cm.
504 _aIncludes index.
650 _21. Marketing.
700 _aKeller, Kevin L.
942 _2ddc
_cBK-CIRC
_e12th ed.
_kCirc.
_n0
999 _c7329
_d7329